Avery Lembke

Minnesota C


Categories

Science - Chemistry020120124127.0002
History - American History010110114114.0001
History - European History010010109109.0001
History - Other History0100104444.0011
Literature - World Literature010110154154.0001
Science - Physics010110130130.0001
Fine Arts - Other Fine Arts0100109898.0001
Mythology011059292.0011
Other011058484.0011

Buzzes

History - Other HistoryVespasian1044
Otherpaparazzi1084
MythologyKnights Templar-592
Mythologya bag of winds1092
OtherIndian people-593
Fine Arts - Other Fine ArtsNosferatu1098
History - European HistoryJoseph II10109
History - American HistoryJohn Pershing10114
Science - Chemistrynucleophilicity10124
Fine Arts - Other Fine ArtsNina Simone0128